|
|
|
|
| LEADER |
00860nab#a2200325#ar4500 |
| 001 |
000109255 |
| 003 |
SVKKK |
| 005 |
20121115102742.0 |
| 008 |
121114c2012 xo |||||||||||||||b|slo |
| FMT |
|
|
|
| 015 |
|
|
|a SNBRB2012/11
|
| 038 |
|
|
|a SVKKK
|
| 040 |
|
|
|a SVKKK
|b slo
|e AACR2
|
| 041 |
0 |
|
|a slo
|
| 044 |
|
|
|a xo
|c SK
|
| 080 |
|
|
|a 591.133.14
|2 1997
|
| 245 |
0 |
0 |
|a Aktivity rezortu životného prostredia k Svetovému dňu vody
|
| 300 |
|
|
|b Fotogr.
|
| 610 |
1 |
4 |
|a Slovensko
|b Ministerstvo životného prostredia
|
| 611 |
2 |
4 |
|a Svetový deň vody
|d (2012)
|
| 650 |
0 |
4 |
|a voda
|x nenahraditeľnosť
|
| 650 |
0 |
4 |
|a environmentálne aktivity
|
| 773 |
0 |
|
|t 21. storočie : magazín pre priemyselnú ekológiu
|g Roč. 15, č. 1 (2012), s. 8
|x 1335-874X
|
| 958 |
|
|
|a SK
|
| 974 |
|
|
|a Va
|
| 992 |
|
|
|a RBX
|
| BAS |
|
|
|
| 852 |
|
|
|a SVKKK
|b BIB
|
| EXP |
|
|
|
| 998 |
|
|
|a SLO
|